000 00289nam a2200121Ia 4500
008 190216s9999||||xx |||||||||||||| ||und||
100 _aThomas Dekker
245 4 _aThe Shoemaker`S Holiday
260 _bMacmillan India Ltd
_c1983
300 _a104
650 _aEnglish Drama
942 _cBK
999 _c13757
_d13757